1280 1890 1550 1727 1067 1665 1867 1248 1971 1444 1537 1754 1921 1906 1366 1929 1982 1756 1744 1375 1658 1378 1783 1122 1091 1520 1019 1730 1906 1214 1578 1919 1962 1090 1156 1516 1505 1338 1520 1041 1028 1240 1835 1988 1604 1011 1345 1742 1605 1010 1298 1574 1421 1091 1374 1553 1694 1450 1762 1268 1639 1548 1210 1290 1123 1576 1828 1225 1062 1189 1449 1840 1535 1671 1727 1662 1218 1349 1500 1244 1941 1044 1970 1016 1586 1470 1948 1176 1599 1778 1786 1691 1650 1433 1680 1773 1497 1388 1086 BCNSPRNW ULIB Ver.6.0+V

เปลี่ยนเป็นภาษาไทย

Change to English
 แสดงรายละเอียดบรรณานุกรม
  กลับหน้าหลัก

Brief Record : Get Marc (ISO 2709) : E-mail record : QR code < ปิดหน้าต่าง
LEADER : 00000nas 2200000uu 4500
001    13399128279
003     ULIB
008    230516s||||||||th 000 0 tha d
022 0  9770125199972
245 00 บ้านและสวน (วิทยาเขตนครสวรรค์)
310    ^aรายเดือน
850 ^a ULIB:campus^bฉบับที่ 561 ฉ.1 ;ฉบับที่ 562 ฉ.1 ;ฉบับที่ 563 ฉ.1 ;ฉบับที่ 564 ฉ.1 ;ฉบับที่ 565 ฉ.1
945    ^p130^l0^i802580
945    ^p130^l0^i802584
945    ^p130^l0^i802589
945    ^p130^l0^i802598
945    ^p130^l0^i802602
999    ^aกัณชพร
รายการนี้ยังไม่มีแท็ก
คุณยังไม่ได้ล็อกอิน คุณสามารถมีกิจกรรมร่วมกับเว็บไซต์ได้ แต่ต้องล็อกอินก่อน ::
  ล็อกอิน

รายการสื่อสารสนเทศ (วารสาร)

ดูแบบ: กล่อง รายการ
ARRIVED
ฉบับที่ 561 ฉ.1
สถานที่: ห้องสมุดวิทยาเขตนครสวรรค์ >วารสาร
ARRIVED
ฉบับที่ 562 ฉ.1
สถานที่: ห้องสมุดวิทยาเขตนครสวรรค์ >วารสาร
ARRIVED
ฉบับที่ 563 ฉ.1
สถานที่: ห้องสมุดวิทยาเขตนครสวรรค์ >วารสาร
ARRIVED
ฉบับที่ 564 ฉ.1
สถานที่: ห้องสมุดวิทยาเขตนครสวรรค์ >วารสาร
ARRIVED
ฉบับที่ 565 ฉ.1
สถานที่: ห้องสมุดวิทยาเขตนครสวรรค์ >วารสาร

BibComment


ยังไม่เคยถูกคอมเมนท์

คอมเมนท์ทรัพยากรรายการนี้
  คอมเมนท์: บ้านและสวน วิทยาเ..


 Copyright 2026. Bcnsprnw @Library